Checkmate... or Stalemate? - Statistics

General Stats
  • This quiz has been taken 19 times
    15 since last reset
  • The average score is 35 of 42
Answer Stats
Question Tile Select % Correct
Checkmate or Stalemate? (Black's Turn) Image
No
100%
Checkmate or Stalemate? (Black's Turn) Image
Yes
100%
Checkmate or Stalemate? (Black's Turn) Image
No
100%
Checkmate or Stalemate? (Black's Turn) Image
No
100%
Checkmate or Stalemate? (Black's Turn) Image
No
92%
Checkmate or Stalemate? (Black's Turn) Image
No
92%
Checkmate or Stalemate? (Black's Turn) Image
Yes
92%
Checkmate or Stalemate? (White's Turn) Image
No
92%
Checkmate or Stalemate? (White's Turn) Image
No
92%
Checkmate or Stalemate? (White's Turn) Image
Yes
92%
Checkmate or Stalemate? (Black's Turn) Image
No
92%
Checkmate or Stalemate? (White's Turn) Image
No
92%
Checkmate or Stalemate? (Black's Turn) Image
Yes
92%
Checkmate or Stalemate? (Black's Turn) Image
No
92%
Checkmate or Stalemate? (Black's Turn) Image
No
92%
Checkmate or Stalemate? (White's Turn) Image
No
92%
Checkmate or Stalemate? (White's Turn) Image
Yes
92%
Checkmate or Stalemate? (White's Turn) Image
No
92%
Checkmate or Stalemate? (Black's Turn) Image
Yes
92%
Checkmate or Stalemate? (Black's Turn) Image
No
92%
Checkmate or Stalemate? (Black's Turn) Image
No
92%
Checkmate or Stalemate? (Black's Turn) Image
Yes
83%
Checkmate or Stalemate? (Black's Turn) Image
No
83%
Checkmate or Stalemate? (White's Turn) Image
No
83%
Checkmate or Stalemate? (White's Turn) Image
Yes
83%
Checkmate or Stalemate? (White's Turn) Image
No
83%
Checkmate or Stalemate? (Black's Turn) Image
Yes
83%
Checkmate or Stalemate? (Black's Turn) Image
No
83%
Checkmate or Stalemate? (White's Turn) Image
No
83%
Checkmate or Stalemate? (Black's Turn) Image
Yes
75%
Checkmate or Stalemate? (Black's Turn) Image
No
75%
Checkmate or Stalemate? (White's Turn) Image
No
75%
Checkmate or Stalemate? (Black's Turn) Image
No
75%
Checkmate or Stalemate? (White's Turn) Image
No
75%
Checkmate or Stalemate? (White's Turn) Image
Yes
75%
Checkmate or Stalemate? (White's Turn) Image
Yes
67%
Checkmate or Stalemate? (Black's Turn) Image
Yes
67%
Checkmate or Stalemate? (Black's Turn) Image
No
67%
Checkmate or Stalemate? (Black's Turn) Image
No
67%
Checkmate or Stalemate? (Black's Turn) Image
Yes
58%
Checkmate or Stalemate? (Black's Turn) Image
No
58%
Checkmate or Stalemate? (Black's Turn) Image
No
58%
No matching quizzes found
Score Distribution
Percent of People with Each Score
Percentile by Number Answered
Your Score History
You have not taken this quiz since the last reset